Study The Effect of Change of Wing Geometry on its Aerodynamic Characteristics (Record no. 326470)

000 -LEADER
fixed length control field 00397 a2200133 4500
001 - CONTROL NUMBER
control field 91397
082 ## - DEWEY DECIMAL CLASSIFICATION NUMBER
Classification number PR 1292
090 ## - LOCALLY ASSIGNED LC-TYPE CALL NUMBER (OCLC); LOCAL CALL NUMBER (RLIN)
-- 43527
-- 43526
100 ## - MAIN ENTRY--PERSONAL NAME
Personal name Monzur-E-Alam; Prof Zubair Islam (Advisor)
245 ## - TITLE STATEMENT
Title Study The Effect of Change of Wing Geometry on its Aerodynamic Characteristics
Number of part/section of a work 49 "A" EC
260 ## - PUBLICATION, DISTRIBUTION, ETC.
Place of publication, distribution, etc. Karachi
Name of publisher, distributor, etc. NED University
Date of publication, distribution, etc. 1998
300 ## - PHYSICAL DESCRIPTION
Extent 90p
500 ## - GENERAL NOTE
General note BE Project Reports
942 ## - ADDED ENTRY ELEMENTS (KOHA)
Institution code [OBSOLETE] CAE NUST
Call number prefix PR 1292
Holdings
Withdrawn status Lost status Damaged status Not for loan Collection code Permanent Location Current Location Date acquired Total Checkouts Full call number Barcode Date last seen Price effective from Koha item type
          College of Aeronautical Engineering (CAE) College of Aeronautical Engineering (CAE) 04/03/2017   PR 1292 CAEPR-1292 04/05/2017 04/05/2017 Book
© 2023 Central Library, National University of Sciences and Technology. All Rights Reserved.